Normal view
MARC view
- الاردن - تاريخ - مؤتمرات
Entry Topical Term
001 - CONTROL NUMBER
- control field: 48607
003 - CONTROL NUMBER IDENTIFIER
- control field: JO-AjAnu
005 - DATE AND TIME OF LATEST TRANSACTION
- control field: 20230606082021.0
008 - FIXED-LENGTH DATA ELEMENTS
- fixed length control field: 230606|| aca||aabn | a|a d
040 ## - CATALOGING SOURCE
- Original cataloging agency: JO-AjAnu
- Transcribing agency: JO-AjAnu
150 ## - HEADING--TOPICAL TERM
- Topical term or geographic name entry element: الاردن - تاريخ - مؤتمرات
670 ## - SOURCE DATA FOUND
- Source citation: Work cat.: (JO-AjAnu)24866: اشراف وتفديم الجوراني، هاني, author 48606, في التاريخ الشفوي: دراسات وتجارب: أوراق وأبحاث المؤتمر الرابع لتاريخ الأردن الإجتماعي ( 16 و17 آب/ أغسطس 2005)